Contribución de los sistemas de información contable en la eficiencia de la toma de decisiones / (Registro nro. 3393)

Detalles MARC
000 -LEADER
fixed length control field 02161nam a2200325 i 4500
005 - DATE AND TIME OF LATEST TRANSACTION
control field 20250329165423.0
007 - PHYSICAL DESCRIPTION FIXED FIELD--GENERAL INFORMATION
fixed length control field ta
008 - FIXED-LENGTH DATA ELEMENTS--GENERAL INFORMATION
fixed length control field 200622s2024 000 0 eng d
040 ## - CATALOGING SOURCE
Original cataloging agency CO-CtgCURN
Language of cataloging spa
Transcribing agency coctgcurn
Description conventions rda
082 0# - DEWEY DECIMAL CLASSIFICATION NUMBER
Classification number COP 2024
Item number G633
100 1# - MAIN ENTRY--PERSONAL NAME
Personal name Gómez Mercado, Silenia,
Relator term author.
Relationship aut
245 10 - TITLE STATEMENT
Title Contribución de los sistemas de información contable en la eficiencia de la toma de decisiones /
Statement of responsibility, etc. Silenia Gómez Mercado; Marco de la Ossa Bermejo; Esteban Padilla Beleño; Asesor: Octavio Pérez .
260 ## - PUBLICATION, DISTRIBUTION, ETC.
Date of publication, distribution, etc. 2024.
260 ## - PUBLICATION, DISTRIBUTION, ETC.
Place of publication, distribution, etc. Cartagena de Indias :
Name of publisher, distributor, etc. Corporación Universitaria Rafael Núñez,
Date of publication, distribution, etc. 2024.
260 ## - PUBLICATION, DISTRIBUTION, ETC.
Place of publication, distribution, etc. Cartagena de Indias :
Name of publisher, distributor, etc. Corporación Universitaria Rafael Núñez,
Date of publication, distribution, etc. 2024.
260 ## - PUBLICATION, DISTRIBUTION, ETC.
Date of publication, distribution, etc. 2024.
300 ## - PHYSICAL DESCRIPTION
Extent 27 hojas.
336 ## - CONTENT TYPE
Content type term text
Content type code txt
Source rdacontent
337 ## - MEDIA TYPE
Media type term unmediated
Media type code n
Source rdamedia
338 ## - CARRIER TYPE
Carrier type term volume
Carrier type code nc
Source rdacarrier
502 ## - DISSERTATION NOTE
Dissertation note Trabajo de grado (Contador público). Corporación Universitaria Rafael Núñez. Facultad de Ciencias Administrativas y Contables. Programa de Contaduría Pública, 2024.
520 8# - SUMMARY, ETC.
Summary, etc. "El análisis y el diseño administrativo, en los últimos años, ha aumentado su valor al involucrar, para su correcta comprensión, elementos que permiten mirar en conjunto el todo y a su vez, partes de la organización, lo que permite una mirada dentro y fuera de lo general y de la adaptación externa de la eficiencia y eficacia. Aunque los procesos administrativos no presentan variación, no existe un único modelo de administrar, ya que las empresas se adaptan a los ambientes que enfrentan para tomar nuevas estrategias y estas pueden exigir estructuras organizacionales variadas."
650 #0 - SUBJECT ADDED ENTRY--TOPICAL TERM
Topical term or geographic name entry element Contaduría pública
General subdivision Tesis y disertaciones académicas.
700 1# - ADDED ENTRY--PERSONAL NAME
Personal name Ossa Bermejo, Marco de la.
700 1# - ADDED ENTRY--PERSONAL NAME
Personal name Padilla Beleño, Esteban.
700 1# - ADDED ENTRY--PERSONAL NAME
Personal name Pérez, Octavio,
Titles and other words associated with a name asesor.
856 7# - ELECTRONIC LOCATION AND ACCESS
Uniform Resource Identifier <a href="https://unicurn.sharepoint.com/:b:/s/biblioteca/EdxAjMuaO-dEiCYLthq5e_oBnx9FjOXYhh3ss-g6FwYbog?e=FU8Ei1">https://unicurn.sharepoint.com/:b:/s/biblioteca/EdxAjMuaO-dEiCYLthq5e_oBnx9FjOXYhh3ss-g6FwYbog?e=FU8Ei1</a>
Public note Click para ver el recurso en texto completo
942 ## - ADDED ENTRY ELEMENTS (KOHA)
Source of classification or shelving scheme Dewey Decimal Classification
Institution code [OBSOLETE] MHC
-- MHC
Koha item type Trabajos de grado
Classification part COP 2024
Item part G633
Existencias
Withdrawn status Lost status Source of classification or shelving scheme Damaged status Not for loan Collection Home library Current library Shelving location Date acquired Total checkouts Full call number Barcode Date last seen Price effective from Koha item type
    Dewey Decimal Classification     Trabajos de grado Miguel Henríquez Castañeda Miguel Henríquez Castañeda Trabajo de grado 03/29/2025   COP 2024 G633 025159 03/29/2025 03/29/2025 Trabajos de grado